[Event "Bad Griesbach Seniors op 23rd"]
[Site "Bad Griesbach"]
[Date "2021.11.19"]
[Round "6"]
[White "Varli, Mehmet Fatih"]
[Black "Sierian, Peter"]
[Result "1-0"]
[WhiteElo "1410"]
[BlackElo "1780"]
[PlyCount "63"]
[EventDate "2021.11.14"]
[EventType "swiss"]
[EventRounds "7"]
[EventCountry "GER"]
[SourceTitle "EXT 2024"]
[Source "ChessBase"]
[SourceDate "2023.10.10"]
[SourceVersion "1"]
[SourceVersionDate "2023.10.10"]
[SourceQuality "1"]

1. e4 d5 2. exd5 Qxd5 3. Nf3 Nf6 4. d4 c6 5. Be2 Bf5 6. 0-0 e6 7. Nh4 Bg6 8. c4 Qd8 9. Be3 Be7 10. Nc3 0-0 11. Nxg6 hxg6 12. Rc1 Nbd7 13. d5 exd5 14. cxd5 Ne5 15. f4 Nxd5 16. Nxd5 cxd5 17. fxe5 Qa5 18. Qb3 b5 19. Qxb5 Qxb5 20. Bxb5 Rab8 21. Bc6 Rxb2 22. Bxd5 Rb5 23. Bb3 Rxe5 24. Bxa7 Bg5 25. Rc7 Re7 26. Rxe7 Bxe7 27. a4 Bf6 28. a5 Ra8 29. Bb6 Bc3 30. Rxf7 Kh7 31. Rf3 Bxa5 32. Rh3# 1-0

[Event "Niederbayern-ch"]
[Site "Ortenburg"]
[Date "2019.04.27"]
[Round "5"]
[White "Sierian, Peter"]
[Black "Bartsch, Ruediger"]
[Result "0-1"]
[WhiteElo "1782"]
[BlackElo "1702"]
[PlyCount "98"]
[EventDate "2019.04.25"]
[EventType "swiss"]
[EventRounds "7"]
[EventCountry "GER"]
[SourceTitle "EXT 2023"]
[Source "ChessBase"]
[SourceDate "2022.10.05"]
[SourceVersion "1"]
[SourceVersionDate "2022.10.05"]
[SourceQuality "1"]

1. Nf3 b6 2. g3 Bb7 3. Bg2 g6 4. d4 d6 5. 0-0 Bg7 6. b3 c5 7. Bb2 Nf6 8. dxc5 bxc5 9. c4 0-0 10. Nbd2 Nbd7 11. Qc2 Qc7 12. Rad1 Rfe8 13. Ng5 Bxg2 14. Kxg2 Qc6+ 15. f3 Ng4 16. Kg1 Ne3 17. Qc1 Bxb2 18. Qxb2 Nxd1 19. Rxd1 h6 20. Nge4 a5 21. Nc3 Nb6 22. a4 d5 23. cxd5 Nxd5 24. Nxd5 Qxd5 25. Qc2 Red8 26. Kf1 Ra7 27. Qc3 Qh5 28. Ke1 Qxh2 29. Nf1 Rxd1+ 30. Kxd1 Qf2 31. Qe1 Rd7+ 32. Nd2 Qe3 33. Kc2 Rb7 34. g4 Rb4 35. Qd1 e6 36. Kb2 Qd4+ 37. Ka2 c4 38. Qc2 cxb3+ 39. Nxb3 Rxa4+ 40. Kb1 Qg1+ 41. Kb2 Qb6 42. Qc8+ Kg7 43. Qc3+ f6 44. Qc8 Rb4 45. Qd7+ Kf8 46. Qd3 Rxb3+ 47. Qxb3 Qxb3+ 48. Kxb3 h5 49. gxh5 gxh5 0-1

[Event "Niederbayern-ch"]
[Site "Vilshofen"]
[Date "2017.04.20"]
[Round "1"]
[White "Bernauer, Thomas"]
[Black "Sierian, Peter"]
[Result "1-0"]
[WhiteElo "1952"]
[BlackElo "1840"]
[PlyCount "109"]
[EventDate "2017.04.20"]
[EventType "swiss"]
[EventRounds "7"]
[EventCountry "GER"]
[SourceTitle "EXT 2023"]
[Source "ChessBase"]
[SourceDate "2022.10.05"]
[SourceVersion "1"]
[SourceVersionDate "2022.10.05"]
[SourceQuality "1"]

1. e4 c5 2. d4 cxd4 3. c3 d5 4. exd5 Qxd5 5. cxd4 e6 6. Nc3 Qd8 7. Nf3 Nf6 8. Bc4 Be7 9. 0-0 0-0 10. Bf4 Nd5 11. Bxd5 exd5 12. Qb3 Nc6 13. Nxd5 Bd6 14. Bg5 Qa5 15. Bd2 Qd8 16. Ne3 Bf4 17. d5 Ne5 18. Nxe5 Bxe5 19. Bc3 Bd6 20. Qa4 Qc7 21. Qh4 Bd7 22. Rac1 Qd8 23. Qd4 f6 24. Nc4 Bb5 25. Rfe1 Bxc4 26. Qxc4 Re8 27. Qg4 Qc8 28. Rxe8+ Qxe8 29. Bxf6 Qf7 30. Bd4 Bf8 31. Qe6 Rd8 32. Bxa7 Rxd5 33. Qxf7+ Kxf7 34. Be3 Bd6 35. Kf1 Ra5 36. a3 Be5 37. Rc2 Rb5 38. b4 Bd6 39. Ke2 Ke6 40. h3 g6 41. Rc8 h5 42. Re8+ Kf7 43. Rd8 Be7 44. Rd4 Bf6 45. Rd2 Bc3 46. Rc2 Be5 47. Bc5 b6 48. a4 bxc5 49. axb5 cxb4 50. Rc4 Bd6 51. Kd3 Ke6 52. Rc6 Kd7 53. Kd4 h4 54. Rxd6+ Kxd6 55. Kc4 1-0

[Event "Niederbayern-ch"]
[Site "Untergriesbach"]
[Date "2013.04.07"]
[Round "7"]
[White "Lichtmannecker, Hans Juergen"]
[Black "Sierian, Peter"]
[Result "1/2-1/2"]
[WhiteElo "1653"]
[BlackElo "1723"]
[PlyCount "92"]
[EventDate "2013.04.04"]
[EventType "swiss"]
[EventRounds "7"]
[EventCountry "GER"]
[SourceTitle "EXT 2023"]
[Source "ChessBase"]
[SourceDate "2022.10.05"]
[SourceVersion "1"]
[SourceVersionDate "2022.10.05"]
[SourceQuality "1"]

1. d4 d5 2. Nc3 Bf5 3. e3 Nf6 4. Bd3 Qd7 5. Nf3 Bg4 6. Ne5 Bxd1 7. Nxd7 Nbxd7 8. Nxd1 e6 9. f3 e5 10. Nf2 exd4 11. exd4 Bd6 12. 0-0 0-0-0 13. Bg5 h6 14. Bd2 Rde8 15. c4 c6 16. c5 Bc7 17. b4 b5 18. a4 a6 19. axb5 axb5 20. Ng4 Kb7 21. Nxf6 Nxf6 22. Ra2 Ra8 23. Rfa1 Rxa2 24. Rxa2 Re8 25. g3 Nd7 26. Kf2 Nf8 27. Bf5 Bd8 28. Bf4 Bf6 29. Be3 Ne6 30. Bxe6 fxe6 31. f4 Ra8 32. Rxa8 Kxa8 33. Kf3 Kb7 34. Kg4 Kc8 35. Kh5 Kd7 36. Kg6 Ke7 37. h4 Kf8 38. Bf2 Kg8 39. g4 Bd8 40. g5 hxg5 41. hxg5 Bc7 42. Bg3 Bb8 43. Kh5 Kf7 44. Bh2 g6+ 45. Kg4 Bc7 46. Bg3 Bd8 1/2-1/2

[Event "Niederbayernliga 1213"]
[Site "Bayern"]
[Date "2013.??.??"]
[Round "5"]
[White "Sierian, Peter"]
[Black "Ebner, Johannes"]
[Result "1/2-1/2"]
[WhiteElo "1684"]
[BlackElo "1783"]
[PlyCount "81"]
[EventDate "2012.10.14"]
[EventType "team-tourn"]
[EventRounds "9"]
[EventCountry "GER"]
[SourceTitle "EXT 2023"]
[Source "ChessBase"]
[SourceDate "2022.10.05"]
[SourceVersion "1"]
[SourceVersionDate "2022.10.05"]
[SourceQuality "1"]
[WhiteTeam "Aidenbach"]
[BlackTeam "Grafenau"]
[WhiteTeamCountry "GER"]
[BlackTeamCountry "GER"]

1. d4 d5 2. Nf3 Nf6 3. g3 e6 4. Bg2 c5 5. c3 Nc6 6. 0-0 cxd4 7. cxd4 Be7 8. Nc3 0-0 9. Bg5 Ne8 10. Bxe7 Qxe7 11. e3 Nd6 12. b3 Bd7 13. Rc1 Rac8 14. Qd2 Rc7 15. Rfe1 Rfc8 16. Ne5 Nxe5 17. dxe5 Nb5 18. Nxb5 Bxb5 19. Bf1 Bxf1 20. Rxf1 Qa3 21. Rxc7 Rxc7 22. Rb1 h6 23. Rb2 Qc5 24. Kg2 b5 25. Qd4 Qc1 26. Qd2 Qc5 27. Qd4 Qxd4 28. exd4 Rc3 29. Rd2 Kh7 30. Kf1 b4 31. Ke2 Kg6 32. Rd3 Rc1 33. Rd1 Rxd1 34. Kxd1 Kf5 35. f3 f6 36. exf6 gxf6 37. Ke2 e5 38. Ke3 Kg5 39. h4+ Kf5 40. g4+ Ke6 41. dxe5 1/2-1/2

[Event "Bad Griesbach Seniors op 13th"]
[Site "Bad Griesbach"]
[Date "2010.12.09"]
[Round "5"]
[White "Koenigl, Anton"]
[Black "Sierian, Peter"]
[Result "1-0"]
[WhiteElo "1740"]
[BlackElo "1677"]
[PlyCount "65"]
[EventDate "2010.12.05"]
[EventType "swiss"]
[EventRounds "7"]
[EventCountry "GER"]
[SourceTitle "EXT 2015"]
[Source "ChessBase"]
[SourceDate "2014.11.20"]
[SourceVersion "1"]
[SourceVersionDate "2014.11.20"]
[SourceQuality "1"]

1. e4 c5 2. Nf3 d6 3. d4 cxd4 4. Nxd4 Nf6 5. Nc3 g6 6. Be2 Bg7 7. Be3 Bd7 8. f3 Nc6 9. Qd2 Nxd4 10. Bxd4 Bc6 11. Be3 Qa5 12. 0-0 Nd7 13. Bd4 Bxd4+ 14. Qxd4 Qc5 15. Rfd1 0-0-0 16. a3 Qxd4+ 17. Rxd4 Nf6 18. b4 a6 19. a4 Kc7 20. Rc4 Kb8 21. b5 Bd7 22. bxa6 Rc8 23. Rb1 Rxc4 24. Rxb7+ Ka8 25. Bxc4 Rc8 26. Nd5 Nxd5 27. Bxd5 Bc6 28. Bxc6 Rxc6 29. Rxe7 Rxc2 30. Rxf7 Ra2 31. Rxh7 Rxa4 32. a7 Rxa7 33. Rxa7+ 1-0

[Event "Bad Griesbach Seniors op 12th"]
[Site "Bad Griesbach"]
[Date "2009.12.05"]
[Round "7"]
[White "Sierian, Peter"]
[Black "Alefs, Heinz"]
[Result "1/2-1/2"]
[WhiteElo "1658"]
[BlackElo "1640"]
[PlyCount "50"]
[EventDate "2009.11.29"]
[EventType "swiss"]
[EventRounds "7"]
[EventCountry "GER"]
[SourceTitle "EXT 2015"]
[Source "ChessBase"]
[SourceDate "2014.11.20"]
[SourceVersion "1"]
[SourceVersionDate "2014.11.20"]
[SourceQuality "1"]

1. d4 f5 2. c4 Nf6 3. Nc3 g6 4. Nf3 Bg7 5. Bf4 d6 6. Rc1 0-0 7. Qd2 Qe8 8. Bh6 Nc6 9. Bxg7 Kxg7 10. d5 Ne5 11. Qf4 Nf7 12. Nb5 Qd8 13. Nfd4 a6 14. Nc3 Qe8 15. g3 c5 16. Nf3 b5 17. b3 b4 18. Na4 Ra7 19. Bg2 e5 20. dxe6 Qxe6 21. Ng5 Nxg5 22. Qxg5 Bb7 23. Bxb7 Rxb7 24. Qd2 Re7 25. e3 g5 1/2-1/2

[Event "Bad Griesbach Seniors op 11th"]
[Site "Bad Griesbach"]
[Date "2008.12.12"]
[Round "6"]
[White "Sierian, Peter"]
[Black "Mahrla, Hans"]
[Result "1/2-1/2"]
[WhiteElo "1713"]
[BlackElo "1652"]
[PlyCount "35"]
[EventDate "2008.12.07"]
[EventType "swiss"]
[EventRounds "7"]
[EventCountry "GER"]
[SourceTitle "EXT 2015"]
[Source "ChessBase"]
[SourceDate "2014.11.20"]
[SourceVersion "1"]
[SourceVersionDate "2014.11.20"]
[SourceQuality "1"]

1. d4 Nf6 2. c4 e6 3. Nc3 d5 4. Bg5 dxc4 5. e3 a6 6. Bxc4 b5 7. Bd3 Bb7 8. Nf3 Nbd7 9. a3 Rc8 10. 0-0 Be7 11. Rc1 c5 12. dxc5 Nxc5 13. Be2 0-0 14. Qxd8 Rfxd8 15. Rcd1 Kf8 16. Rxd8+ Rxd8 17. Rd1 h6 18. Rxd8+ 1/2-1/2

[Event "Bad Griesbach Seniors op 11th"]
[Site "Bad Griesbach"]
[Date "2008.12.11"]
[Round "5"]
[White "Will, Theo"]
[Black "Sierian, Peter"]
[Result "0-1"]
[WhiteElo "1582"]
[BlackElo "1713"]
[PlyCount "78"]
[EventDate "2008.12.07"]
[EventType "swiss"]
[EventRounds "7"]
[EventCountry "GER"]
[SourceTitle "EXT 2015"]
[Source "ChessBase"]
[SourceDate "2014.11.20"]
[SourceVersion "1"]
[SourceVersionDate "2014.11.20"]
[SourceQuality "1"]

1. e4 d5 2. exd5 Qxd5 3. Nc3 Qa5 4. d4 Nf6 5. Bd3 c6 6. Nge2 Bg4 7. 0-0 e6 8. a3 Nbd7 9. Bd2 Qc7 10. Qc1 Bd6 11. Ng3 0-0-0 12. b4 a6 13. Na4 e5 14. dxe5 Nxe5 15. Be3 Nxd3 16. cxd3 Nd7 17. d4 Be6 18. f4 f5 19. Qd2 Nf6 20. Nc3 g6 21. Rac1 Nd5 22. Nxd5 Bxd5 23. Ne2 Qf7 24. a4 Rhe8 25. b5 axb5 26. axb5 Qe6 27. Nc3 Bb4 28. Rfe1 Bxc3 29. Rxc3 Kd7 30. Bf2 Qd6 31. bxc6+ bxc6 32. Re5 Ra8 33. Qe1 Be4 34. h3 Reb8 35. Qe2 Rb1+ 36. Kh2 Rab8 37. Bh4 R8b2 38. Rxc6 Rxe2 39. Rxd6+ Kxd6 0-1

[Event "Bad Griesbach Seniors op 11th"]
[Site "Bad Griesbach"]
[Date "2008.12.09"]
[Round "3"]
[White "Narr, Irmgard"]
[Black "Sierian, Peter"]
[Result "0-1"]
[WhiteElo "1523"]
[BlackElo "1713"]
[PlyCount "100"]
[EventDate "2008.12.07"]
[EventType "swiss"]
[EventRounds "7"]
[EventCountry "GER"]
[SourceTitle "EXT 2015"]
[Source "ChessBase"]
[SourceDate "2014.11.20"]
[SourceVersion "1"]
[SourceVersionDate "2014.11.20"]
[SourceQuality "1"]

1. e4 d5 2. exd5 Qxd5 3. Nc3 Qa5 4. d4 Nf6 5. Nf3 Bg4 6. Bc4 e6 7. Bd2 c6 8. Ne4 Qd8 9. Nxf6+ Qxf6 10. Bg5 Qf5 11. Be3 Bxf3 12. gxf3 Nd7 13. Qd2 Qxf3 14. Rg1 0-0-0 15. Be2 Qd5 16. Rg5 Qh1+ 17. Bf1 Qxh2 18. Bf4 Qh4 19. 0-0-0 h6 20. Rg3 Qe7 21. Qa5 e5 22. dxe5 Qb4 23. Qxb4 Bxb4 24. Rxg7 Rde8 25. Bh3 Re7 26. Bxd7+ Rxd7 27. Rxd7 Kxd7 28. Rxf7+ Be7 29. Bg3 Ke6 30. Rf3 h5 31. Rb3 h4 32. Bh2 Rg8 33. f4 Rg2 34. Rh3 Kf5 35. b4 Kg4 36. Rb3 Rxh2 37. b5 h3 38. bxc6 bxc6 39. Rb8 Rg2 40. Rh8 h2 41. Kb2 Bh4 42. f5 h1Q 43. f6 Qh2 44. Rg8+ Bg5 45. f7 Rxc2+ 46. Kb3 Rb2+ 47. Kc4 Qf4+ 48. Kc5 Qxf7 49. Rxg5+ Kxg5 50. Kxc6 Qe6+ 0-1

[Event "Bad Griesbach Seniors op 11th"]
[Site "Bad Griesbach"]
[Date "2008.12.07"]
[Round "1"]
[White "Weinwurm, Wolfgang"]
[Black "Sierian, Peter"]
[Result "1-0"]
[WhiteElo "2211"]
[BlackElo "1713"]
[PlyCount "49"]
[EventDate "2008.12.07"]
[EventType "swiss"]
[EventRounds "7"]
[EventCountry "GER"]
[SourceTitle "EXT 2015"]
[Source "ChessBase"]
[SourceDate "2014.11.20"]
[SourceVersion "1"]
[SourceVersionDate "2014.11.20"]
[SourceQuality "1"]

1. e4 d5 2. exd5 Qxd5 3. d4 e5 4. Nf3 Bg4 5. Be2 exd4 6. Nc3 Bb4 7. 0-0 Bxc3 8. bxc3 Nf6 9. Nxd4 Bxe2 10. Qxe2+ Kd7 11. Rd1 Re8 12. Ne6 Rxe6 13. Rxd5+ Nxd5 14. Qb5+ Kc8 15. Bd2 c6 16. Qd3 Nf6 17. Bg5 Nbd7 18. Rd1 Kc7 19. Qg3+ Kd8 20. Bxf6+ gxf6 21. Qg8+ Re8 22. Qxf7 Re7 23. Qf8+ Re8 24. Qxf6+ Kc7 25. Qd6+ 1-0

[Event "Niederbayern-ch Seniors 49th"]
[Site "Vilshofen"]
[Date "2008.??.??"]
[Round "7"]
[White "Sierian, Peter"]
[Black "Koenigl, Anton"]
[Result "1/2-1/2"]
[WhiteElo "1705"]
[BlackElo "1804"]
[PlyCount "32"]
[EventDate "2008.??.??"]
[EventType "swiss"]
[EventRounds "7"]
[EventCountry "GER"]
[SourceTitle "EXT 2010"]
[Source "ChessBase"]
[SourceDate "2010.11.25"]
[SourceVersion "1"]
[SourceVersionDate "2010.11.25"]
[SourceQuality "1"]

1. d4 e5 2. dxe5 Nc6 3. Nf3 h6 4. e4 Bc5 5. Bc4 Bb6 6. 0-0 Nge7 7. Nc3 0-0 8. Na4 Ng6 9. Nxb6 axb6 10. Bd5 Ncxe5 11. Nxe5 Nxe5 12. Bf4 Qf6 13. Bg3 d6 14. c3 Qe7 15. Qc2 Ng4 16. Rae1 Be6 1/2-1/2

[Event "Niederbayern-ch MK 48th"]
[Site "Ortenburg"]
[Date "2007.??.??"]
[Round "5"]
[White "Schultes, Christoph"]
[Black "Sierian, Peter"]
[Result "1-0"]
[WhiteElo "1654"]
[BlackElo "1765"]
[PlyCount "47"]
[EventDate "2007.??.??"]
[EventType "swiss"]
[EventRounds "9"]
[EventCountry "GER"]
[SourceTitle "EXT 2010"]
[Source "ChessBase"]
[SourceDate "2010.11.25"]
[SourceVersion "1"]
[SourceVersionDate "2010.11.25"]
[SourceQuality "1"]

1. d4 d5 2. Nf3 Nf6 3. c4 e6 4. g3 b6 5. Bg2 Bb7 6. cxd5 Bxd5 7. Nc3 Bb7 8. 0-0 Be7 9. Qc2 0-0 10. Bg5 Nbd7 11. Rad1 Nd5 12. Bxe7 Qxe7 13. Nxd5 Bxd5 14. e4 Bb7 15. Qxc7 Ba6 16. Ne5 Rfc8 17. Qxd7 Qxd7 18. Nxd7 Bxf1 19. Kxf1 Rc2 20. Ne5 Rxb2 21. d5 exd5 22. exd5 Rxa2 23. d6 Rd8 24. Nc6 1-0